000 00557nam a2200169 i 4500
001 140561
003 ES-MaACL
005 20230906200114.0
007 t|
008 070214s1966 sp r ||||1| spa d
100 1 _aSeijas Vázquez, Avelino.
_9105263
245 1 0 _aChantada y el señorío de los marqueses de Astorga
_b: ensayo histórico /
_cAvelino Seijas Vázquez.
260 _aChantada (Lugo) :
_b[s. n.],
_c1966 (
_fGráf. Capitol)
300 _a51 p. ;
_c23 cm.
651 4 _aChantada-
_xHistoria.
_9157800
852 _aES-MaACL
_j2056-F-9
_bR.61650
999 _c140561
_d140561